00576 2200229 4500001002100000005001500021035002000036007000300056008004100059020001800100082001000118084001600128100001900144245005100163250001000214260002400224300002700248650002300275504002600298990001100324990001100335INLIS00000000000621720210126113126 a0010-0121000007ta210126 g 0 ind  a979-9407-95-8 a155.4 a155.4 FAN m0 aFANANIE, Anwar1 aMencetak Anak Jenius & Cerdas /cFananie Anwar acet.2 a[s.l] :bSIC,c2006 avi, 100 hal. ;c21 cm. 4aANAK. PERKEMBANGAN aBibliografi : hal.100 a7754 a a7754 b